| 000 | 01428cad a22002415a 4500 | ||
|---|---|---|---|
| 001 | L140597 | ||
| 008 | 071001e20070927xxk f 000 0 eng d | ||
| 035 | _a(Sirsi) u140597 | ||
| 041 | 0 | _aeng | |
| 050 | 0 | 4 | _a346.410432 $2 18 |
| 110 | 2 |
_aRoyal Institution of Chartered Surveyors _94900 |
|
| 245 | 0 | 0 |
_aFlood damage _breinstating your boundary _c[old edition] |
| 260 |
_aLondon, _bRICS, _c2007 |
||
| 490 | _aRICS Consumer Guide | ||
| 520 | _aProvides a list of simple instructions for homeowners to follow in the aftermath of flooding. Floods typically destroy boundary features such as fences, and residents need to return such markers to their original locations. Defining a sense of belonging is also key to returning a sense of home. Encourages communication with other boundary parties where possible and the recording of actions taken. Specifies which sources should be used and action that may be taken in the event of a dispute. | ||
| 520 | _aReplaced by publication of broader guide on Reinstating your boundary after extreme weather damage published 14 December 2022 | ||
| 650 | _aFlooding | ||
| 651 | 4 | _aEngland and Wales | |
| 690 |
_aBoundary disputes _96221 |
||
| 690 |
_aEnvironment _96238 |
||
| 942 |
_n0 _2ddc |
||
| 999 |
_c107516 _d107516 |
||